000 00647cam a2200145 4500500
005 20251228082838.0
041 _afre
042 _adc
100 1 0 _aNédelec, Claudine
_eauthor
245 0 0 _aGérard Letexier, Madame de Villedieu (1640-1683). Une chroniqueuse aux origines de La Princesse de Clèves, Paris-Caen, Lettres Modernes Minard, « Situation », no 57, 2002. Un vol. 13,5 × 19 cm de 238 p.
260 _c2004.
500 _a31
786 0 _nDix-septième siècle | 222 | 1 | 2004-03-01 | p. 109f-148f | 0012-4273
856 4 1 _uhttps://shs.cairn.info/revue-dix-septieme-siecle-2004-1-page-109f?lang=fr&redirect-ssocas=7080
999 _c1599892
_d1599892